000 01435 a2200229 4500
003 NUST
005 20221123132137.0
010 _a 84005384
020 _a0030534062
040 _cNust
082 0 0 _a519.5,BRO
100 1 _aBrockett, Patrick.
_9103425
245 1 0 _aStatistics & probability & their applications /
_cPatrick Brockett, Arnold Levine.
260 _aPhiladelphia :
_bSaunders College Pub.,
_cc1984.
300 _axvi, 576 p. :
_bill. ;
_c24 cm.
505 _aThe Nature and Purposes of Statistics (Page-1), Describing Samples and Populations (Page-11), Probability Models (Page--61), Random Variables, Probability Distributions, and Probability Models (Page-107), The Normal Distribution (Page-1570, Estimation; Confidence Intervals (Page-1890, Hypothesis Testing About the Mean and Variance of a Population (Page-2170, Comparing Two Populations (Page-263), Prediction and Association: Regression and Correlation (Page-303), Evaluation of Categorical Data; Contingency Tables (Page-341), Analysis of Variance (Page-369), Non parametric Statistics (Page-399), Sampling Theory (Page-437), Practical Aspects of Statistics; Survey Design (Page-469), Questionnaires (page-495), Statistical Tables (Page-527).
650 0 _aMathematical statistics.
_961
650 0 _aProbabilities.
700 1 _aLevine, Arnold.
_9103426
740 0 _aStatistics and probability and their applications.
942 _2ddc
_cBK
_k519.5,BRO
999 _c179145
_d179145